Организация, планирование и управление химическим предприятием: учебник

Xehetasun bibliografikoak
Beste egile batzuk: Давидович С. К. Софья Климентьевна (редактор)
Hizkuntza:errusiera
Argitaratua: Ленинград, Химия, 1982
Gaiak:
Formatua: MixedMaterials Liburua
KOHA link:https://koha.lib.tpu.ru/cgi-bin/koha/opac-detail.pl?biblionumber=75212

MARC

LEADER 00000nam0a2200000 4500
001 75212
005 20231031090425.0
035 |a (RuTPU)RU\TPU\book\80194 
090 |a 75212 
100 |a 20050321d1982 m y0rusy50 ca 
101 0 |a rus 
102 |a RU 
105 |a a j 001zy 
200 1 |a Организация, планирование и управление химическим предприятием  |e учебник  |f Под ред. С. К. Давидович 
210 |a Ленинград  |c Химия  |d 1982 
215 |a 367 с.  |c ил. 
320 |a Библиогр.: с. 362 
610 1 |a химические заводы 
610 1 |a экономика 
610 1 |a химические предприятия 
610 1 |a организация 
610 1 |a планирование 
610 1 |a управление 
610 1 |a энергетическое хозяйство 
610 1 |a учебники 
675 |a 66:658(075.8)  |v 3 
702 1 |a Давидович  |b С. К.  |g Софья Климентьевна  |4 340 
801 1 |a RU  |b 63413507  |c 20050321  |g PSBO 
801 2 |a RU  |b 63413507  |c 20180601  |g PSBO 
942 |c BK